| 000 | 01051cam a22001934a 4500 | ||
|---|---|---|---|
| 005 | 20250605163921.0 | ||
| 008 | 250528s ||||||||||||||||||||||||d | ||
| 035 | _a14411 | ||
| 020 | _a333929659 | ||
| 040 |
_aGR-AtMCL _bgre _dGR-AtMCL _eAACR2 |
||
| 245 | 1 | _aThe Paradox of Countertransference / You and Me, Here and Now | |
| 260 |
_bPalgrave Macmillan, _c2005 |
||
| 300 | _a224 | ||
| 520 | _aThe book offers concise and engaging introductions to some of the major schools of psychotherapy, including existential, humanistic, integrative, systemic and communicative psychotherapy. Acknowledgements, Introduction, Countertransference, Contemporary Views of Countertransference, The Communicative Approach to Psychoanalytic Psychotherapy, Countertransference Mavericks, Existential Psychotherapy, Client-Centered Psychotherapy, Integrative Psychotherapy, Systemic Psychotherapy, Psychotherapy Training, Relational Patterns and Paradoxes, References, Index. | ||
| 700 | 1 |
_aHolmes Carol A.V _959 |
|
| 942 | _cBK | ||
| 999 |
_c44 _d44 |
||